| 000 | 00811cam a2200205 4500 | ||
|---|---|---|---|
| 001 | WB3628-16 | ||
| 008 | 000000n2000 000 0 eng u | ||
| 035 | _a(Sirsi) u107200 | ||
| 245 | _aUlster strength | ||
| 260 | _c2000 | ||
| 490 |
_aFinancial Times _v15 July 2000, 21(2) |
||
| 520 | _aProperty prices in Northern Ireland remain strong despite the threat of renewed violence. Influences such as the excellent road system and large inward investment have helped to attract buyers to the region. Prices in prime residential areas have risen by 20-25% annually over the last three to five years. | ||
| 590 | _aWB | ||
| 650 | _aNORTHERN IRELAND | ||
| 650 | _aBELFAST | ||
| 650 | _aHOUSE PRICES | ||
| 650 | _aULSTER | ||
| 690 | _aPROPERTY-RESIDENTIAL PROPERTY-RESIDENTIAL PROPERTY MARKET | ||
| 942 | _n0 | ||
| 999 |
_c64087 _d64087 |
||